| 000 | 00395nam a2200157Ia 4500 | ||
|---|---|---|---|
| 008 | 151213s9999 xx 000 0 und d | ||
| 020 | _a0-415-28584 | ||
| 100 | _aTerry Eagletion | ||
| 245 |
_aMarism and Literary Criticism _cTerry Eagletion |
||
| 260 |
_aLondon _bRoutledge _c2002 |
||
| 300 | _a7155 p. | ||
| 650 | _aEnglish | ||
| 650 | _aEnglish | ||
| 700 | _aTerry Eagletion | ||
| 999 |
_c3798 _d3798 |
||